La maestra / (Registro nro. 6544)
[ vista simple ]
| 000 -LEADER | |
|---|---|
| fixed length control field | 01520nam a22002897a 4500 |
| 003 - CONTROL NUMBER IDENTIFIER | |
| control field | OSt |
| 005 - DATE AND TIME OF LATEST TRANSACTION | |
| control field | 20250521160323.0 |
| 008 - FIXED-LENGTH DATA ELEMENTS--GENERAL INFORMATION | |
| fixed length control field | 200218t2015 ag a|||cr|||| 000 fdspa d |
| 020 ## - INTERNATIONAL STANDARD BOOK NUMBER | |
| International Standard Book Number | 9789877312218 |
| 040 ## - CATALOGING SOURCE | |
| Original cataloging agency | CO-JMCR |
| Transcribing agency | CO-JMCR |
| 041 0# - LANGUAGE CODE | |
| Language code of text/sound track or separate title | spa |
| 082 04 - DEWEY DECIMAL CLASSIFICATION NUMBER | |
| Classification number | J-N |
| Item number | BAYm |
| 100 1# - MAIN ENTRY--PERSONAL NAME | |
| Personal name | Bayona, Victoria, |
| Relator term | autora |
| 9 (RLIN) | 689 |
| 245 13 - TITLE STATEMENT | |
| Title | La maestra / |
| Statement of responsibility, etc. | Victoria Bayona ; ilustraciones de, Juan Chavetta |
| 250 ## - EDITION STATEMENT | |
| Edition statement | Primera edición |
| 260 ## - PUBLICATION, DISTRIBUTION, ETC. | |
| Place of publication, distribution, etc. | Buenos Aires : |
| Name of publisher, distributor, etc. | Sm, |
| Date of publication, distribution, etc. | 2015 |
| 300 ## - PHYSICAL DESCRIPTION | |
| Extent | 143 páginas : |
| Other physical details | ilustraciones a blanco y negro ; |
| Dimensions | 19 cm. |
| 490 ## - SERIES STATEMENT | |
| Series statement | El Barco de Vapor ; |
| Volume/sequential designation | 4 |
| 500 ## - GENERAL NOTE | |
| General note | Datos biográficos de la autora en tapa posterior. |
| 505 ## - FORMATTED CONTENTS NOTE | |
| Formatted contents note | La maestra -- Sabrina -- Merienda -- Primeros indicios -- Mal momento -- Investigación -- La ultima "Aurora" -- El plan -- Tarde de madrinas -- Internet -- Mala energía -- Agenda -- Pensamientos -- Escaleras -- AZ3-41 -- Increíble -- Naktum -- Oscuridad -- Almuerzo Entrenamiento -- Amigos -- Reclusión -- El salón de los rebeldes -- Reacciono -- Trabajo -- Cuarta falta -- Mensajes -- Cazadores de galaxia -- Quinta falta -- Sexta falta -- Distracción -- Escape -- Aeroparque -- Mamá -- Cabo Kenedy, 25 de marzo de 2031 |
| 520 ## - SUMMARY, ETC. | |
| Summary, etc. | La nueva maestra es demasiado perfecta. Y encima, a francisco lo mira de un modo raro, como desafiándolo. |
| 521 ## - TARGET AUDIENCE NOTE | |
| Target audience note | +9 años |
| Source | Tapa posterior. |
| 650 14 - SUBJECT ADDED ENTRY--TOPICAL TERM | |
| Topical term or geographic name entry element | Literatura |
| General subdivision | infantil |
| 9 (RLIN) | 690 |
| 650 24 - SUBJECT ADDED ENTRY--TOPICAL TERM | |
| Topical term or geographic name entry element | Literatura |
| General subdivision | juvenil |
| 9 (RLIN) | 691 |
| 700 1# - ADDED ENTRY--PERSONAL NAME | |
| Personal name | Chavetta, Juan, |
| Relator term | ilustrador |
| 9 (RLIN) | 692 |
| 942 ## - ADDED ENTRY ELEMENTS (KOHA) | |
| Source of classification or shelving scheme | Dewey Decimal Classification |
| Koha item type | Books |
| Withdrawn status | Lost status | Source of classification or shelving scheme | Damaged status | Not for loan | Home library | Current library | Shelving location | Date acquired | Source of acquisition | Cost, normal purchase price | Total Checkouts | Total Renewals | Full call number | Barcode | Date last seen | Date last checked out | Copy number | Price effective from | Koha item type |
|---|---|---|---|---|---|---|---|---|---|---|---|---|---|---|---|---|---|---|---|
| Dewey Decimal Classification | Biblioteca Pública José María del Castillo y Rada | Biblioteca Pública José María del Castillo y Rada | Processing Center | 12/19/2019 | Donación | 0.00 | 1 | 2 | J-N BAYm | 201809744 | 03/02/2021 | 02/03/2021 | Ej.1 | 02/18/2020 | Books |